Les préfectures françaises les plus proches de la Meuse - Statistiques

Statistiques générales
  • Ce quiz a été pris 169 fois
    168 depuis la dernière actualisation
  • Le résultat moyen est 11 sur 15
Statistiques - réponses
Distance Préfecture % Correct
49 km Metz
98%
30 km Nancy
96%
0 km Charleville-Mézières
86%
57 km Epinal
84%
108 km Troyes
83%
22 km Bar-le-Duc
77%
68 km Châlons-en-Champagne
77%
78 km Dijon
75%
75 km Laon
71%
124 km Colmar
70%
21 km Chaumont
69%
124 km Lille
68%
80 km Besançon
67%
94 km Belfort
65%
53 km Vesoul
62%
Aucun quiz correspondant
Distribution des résultats
% des personnes avec chaque résultat
Percentile par nombre de réponses
Votre historique - résultats
Vous n’avez pas pris ce quiz depuis la dernière actualisation